[Event "FIDE WCCC U12 2018"]
[Site "Santiago de Compostela"]
[Date "2018.11.12"]
[Round "8"]
[White "Razafindratsima, Timothe"]
[Black "Guo, Arthur"]
[Result "0-1"]
[WhiteElo "2092"]
[BlackElo "2333"]
[Annotator "TA"]
[PlyCount "66"]
[EventDate "2018.11.04"]
[EventType "swiss"]
[EventCountry "ESP"]
[SourceTitle "playchess.com"]
[Source "ChessBase"]
[SourceQuality "1"]

{[%evp 24,65,166,167,449,449,439,422,855,854,838,830,825,816,877,859,795,91,95,0,0,0,0,0,0,0,0,0,0,0,0,0,0,-5565,-5512,-29970,-12850,-29995,-29996,-29997,-29998,-29998,-29999,-29999]} 1. e4 c5 2. Nf3 d6 3. d4 cxd4 4. Nxd4 Nf6 5. Nc3 a6 6. Bg5 e6 7. f4 Be7 8. Qf3 h6 9. Bh4 Qc7 10. O-O-O Nbd7 11. Be2 Rb8 12. Qg3 g5 {B99: Sicilian Najdorf: 6 Bg5 e6 7 f4 Be7 8 Qf3 Qc7 9 0-0-0 Nbd7} (12... Rg8 13. Rhf1 g5 14. fxg5 Ne5 15. Ndb5 axb5 16. gxf6 Rxg3 17. Bxg3 Bd7 18. fxe7 Kxe7 19. Bxb5 Bc6 20. Rf2 {0-1 (33) Baron,T (2541)-Nepomniachtchi,I (2705) Skopje 2015}) 13. fxg5 {LiveBook: 6 Games} Rg8 $2 (13... hxg5 {is a better defense.} 14. Bxg5 b5) 14. gxf6 $146 ({Predecessor:} 14. Nxe6 fxe6 15. gxf6 Nxf6 16. Bh5+ Kd7 17. Qf3 Rf8 18. e5 Nxh5 19. exd6 Bxd6 20. Qxf8 {1-0 (20) Das,S (2444)-Gokerkan,C (2205) Pardubice 2015}) 14... Rxg3 {[#]White is clearly winning.} 15. Nxe6 $1 Rxc3 (15... Qa5 $142) 16. Ng7+ $18 Kf8 17. fxe7+ Kxg7 18. bxc3 Qxc3 19. e8=Q Nc5 20. Bd3 $2 (20. Rxd6 $18 {and White stays clearly on top.} Bf5 21. Qxb8 Qa1+ 22. Kd2 Nxe4+ 23. Ke3 Qxh1 24. Rd8 Qc1+ 25. Kf3) 20... Be6 $16 {[#]} 21. Qxb8 (21. Qe7 $1 $16) 21... Bxa2 $11 {[%csl Ga2,Gc3][%cal Rc5b3]} 22. Bf6+ Qxf6 23. e5 Qxe5 $40 {[%mdl 128] Black has some attack.} 24. Kd2 {Threatens to win with Rhe1.} Qg5+ 25. Ke1 Qe3+ 26. Kf1 Qf4+ 27. Ke1 {aiming for Be2.} Qe3+ 28. Be2 $2 {[%mdl 8192]} (28. Kf1 $11 Nxd3 29. cxd3 Qf4+ 30. Kg1 Qe3+ 31. Kf1 Qf4+ 32. Kg1) 28... Bc4 $1 $19 {[%csl Gc4][%cal Re3e2]} 29. Rd2 Ne4 30. Rd3 Bxd3 {Black mates.} 31. cxd3 Qc1+ 32. Bd1 Qd2+ 33. Kf1 Qf2# (33... Qxd1# $142) 0-1

[Event "FIDE WCCC U12 2018"]
[Site "Santiago de Compostela"]
[Date "2018.11.12"]
[Round "8"]
[White "Mekhane, Adam"]
[Black "Baranciuc, Alexandr"]
[Result "1/2-1/2"]
[WhiteElo "2065"]
[BlackElo "1784"]
[Annotator "NA RC"]
[PlyCount "84"]
[EventDate "2018.11.04"]
[EventType "swiss"]
[EventCountry "ESP"]
[SourceTitle "playchess.com"]
[Source "ChessBase"]
[SourceQuality "1"]
[TimeControl "40/5400+30:1800+30"]

{[%evp 24,84,12,-22,-4,-22,32767,-19,-19,-63,-52,-120,-117,-155,-100,-97,-99,-99,-100,-104,-105,-107,-123,-105,32767,-129,-101,-100,-96,-101,32767,-102,-111,-114,-101,-137,32767,32767,32767,32767,-154,-213,-115,-187,-183,-194,-292,32767,32767,-280,-264,-418,32767,32767,-221,-251,32767,-277,32767,-239,32767,-414,-555]} 1. e4 {[%emt 0:00:00]} c6 {[%emt 0:00:10]} 2. d4 {[%emt 0:00:00]} d5 {[%emt 0:00:15]} 3. Nc3 {[%emt 0:00:06]} dxe4 {[%emt 0:00:26]} 4. Nxe4 {[%emt 0:00:12]} Bf5 {[%emt 0:00:29]} 5. Ng3 {[%emt 0:00:07]} Bg6 {[%emt 0:00:20]} 6. Bc4 {[%emt 0:00:35]} e6 {[%emt 0:00:39]} 7. N1e2 {[%emt 0:00:59]} Nf6 {[%emt 0:00:46]} 8. h4 {[%emt 0:05:39]} h6 {[%emt 0:00:32]} 9. Nf4 {[%emt 0:01:42]} Bh7 {[%emt 0:06:03]} 10. c3 {[%emt 0:05:07]} Bd6 {[%emt 0:03:47]} 11. Qe2 {[%emt 0:06:53]} O-O {[%emt 0:02:22] B18: Classical Caro-Kann: 4...Bf5 sidelines} 12. Bd2 {[%emt 0:04:49]} (12. Ngh5 Nbd7 13. Nxf6+ Nxf6 14. Bd2 Qc7 15. Nd3 Rae8 16. O-O Ne4 17. Rae1 Bh2+ 18. Kh1 Bg3 19. Be3 {1-0 (69) Zelcic,R (2569)-Rombaldoni,D (2418) Bergamo 2009}) 12... Nd5 $146 {[%emt 0:15:01]} ({Predecessor:} 12... Re8 13. O-O-O Nbd7 14. Qf3 e5 15. Nfh5 e4 16. Qe2 b5 17. Bb3 a5 18. Bc2 Qc7 19. Nxf6+ Nxf6 {0-1 (33) Valenti,G (2252)-Eperjesi,L (2224) Budapest 2006}) 13. Qg4 {[%emt 0:08:00]} Nxf4 {[%emt 0:06:16]} 14. Bxf4 {[%emt 0:01:08]} Bxf4 {[%emt 0:00:15]} 15. Qxf4 {[%emt 0:00:38]} Nd7 {[%emt 0:06:00]} 16. Nh5 {[%emt 0:07:09]} (16. Rd1 $11) 16... Bg6 {[%emt 0:06:34]} 17. g4 {[%emt 0:03:27] [#]} e5 $1 {[%emt 0:06:25]} 18. Qd2 {[%emt 0:06:26]} exd4 {[%emt 0:07:10]} 19. O-O-O {[%emt 0:10:12]} Ne5 {[%emt 0:00:53]} 20. Qxd4 {[%emt 0:04:21]} Qxd4 {[%emt 0:00:48]} 21. Rxd4 {[%emt 0:00:15] [#]} Nxg4 $1 {[%emt 0:13:14]} 22. Rxg4 {[%emt 0:04:27]} Bxh5 {[%emt 0:00:01]} 23. Rf4 {[%emt 0:03:23]} Rae8 {[%emt 0:02:47]} 24. Kd2 {[%emt 0:07:14]} b5 {[%emt 0:01:08]} 25. Bd3 {[%emt 0:00:53]} Re5 {[%emt 0:01:56]} 26. Re1 {[%emt 0:02:48]} Rxe1 {[%emt 0:00:18]} 27. Kxe1 {[%emt 0:00:00]} Rd8 {[%emt 0:00:10]} 28. Bc2 {[%emt 0:00:19]} Kf8 {[%emt 0:00:20]} 29. Rd4 {[%emt 0:04:36]} Rxd4 {[%emt 0:01:48]} 30. cxd4 {[%emt 0:00:03]} Ke7 {[%emt 0:00:11]} 31. Be4 {[%emt 0:02:41]} Kd6 {[%emt 0:00:07]} 32. b4 {[%emt 0:00:25] [#]} Bg4 {[%emt 0:02:09]} (32... f5 $1 $19 {[%mdl 512]} 33. Bxf5 Kd5) 33. Kd2 {[%emt 0:01:30]} (33. f4 $17) 33... f5 {[%emt 0:00:08]} 34. Bc2 {[%emt 0:01:57]} f4 {[%emt 0:04:56]} 35. Bg6 {[%emt 0:03:35]} Bf3 {[%emt 0:00:09]} 36. a3 {[%emt 0:00:58]} Ke6 {[%emt 0:00:56]} 37. Kd3 {[%emt 0:02:58]} (37. h5 $142) 37... Kf6 {[%emt 0:02:57]} 38. h5 {[%emt 0:00:37]} Kg5 {[%emt 0:01:01]} 39. Be8 {[%emt 0:00:00]} Kh4 {[%emt 0:00:00]} 40. Kd2 {[%emt 0:00:00]} Be4 {[%emt 0:00:00]} 41. Ke2 {[%emt 0:04:39]} Kg5 {[%emt 0:11:09]} 42. f3 $19 {[%emt 0:05:57]} (42. Kd2 {war die einzige Chance.}) 42... Bd5 {[%emt 0:00:05]} 1/2-1/2

[Event "FIDE WCCC U12 2018"]
[Site "Santiago de Compostela"]
[Date "2018.11.12"]
[Round "8"]
[White "Silich, Yahor"]
[Black "Kostolansky, Sebastian Lukas"]
[Result "0-1"]
[WhiteElo "2058"]
[BlackElo "2323"]
[Annotator "TA"]
[PlyCount "84"]
[EventDate "2018.11.04"]
[EventType "swiss"]
[EventCountry "ESP"]
[SourceTitle "playchess.com"]
[Source "ChessBase"]
[SourceQuality "1"]

{[%evp 9,84,46,63,36,50,34,52,32,36,26,50,29,30,33,22,19,26,18,25,18,21,-4,0,0,0,-12,-14,-15,-12,-44,-45,-51,-50,-71,-74,-130,-115,-140,-132,-158,-138,-137,-114,-112,-20,-18,0,-83,-83,-81,-69,-64,-78,-83,-47,-156,-160,-173,-173,-200,0,-159,-90,-110,-97,-154,-149,-279,-277,-266,-230,-241,-237,-225,-230,-322,-316]} 1. e4 c5 2. Nf3 e6 3. Nc3 Nc6 4. Bb5 Nf6 5. Bxc6 dxc6 (5... bxc6 6. d3 Qc7 7. O-O h5 8. e5 Ng4 9. Re1 f6 10. Bf4 g5 11. Bg3 h4 12. Nxh4 gxh4 13. Qxg4 {0-1 (38) Savchenko,B (2556)-Usmanov,V (2462) St Petersburg 2015}) 6. a4 $146 {B30: Sicilian: 2...Nc6 3 Bb5, lines without ...g6} ({Predecessor:} 6. O-O Be7 7. d3 O-O 8. b3 e5 9. h3 Ne8 10. Bb2 f6 11. Ne2 Nc7 12. Nh4 Nb5 {½-½ (41) Ris,R (2395)-Afek,Y (2350) Haarlem 2007}) 6... b6 7. d3 Be7 8. h3 {White is slightly better.} Qc7 9. O-O e5 10. Be3 O-O 11. Nd2 Be6 12. Qe2 Nd7 13. Kh1 Rad8 14. Rae1 Bd6 15. Ncb1 a6 16. Nc3 Rfe8 17. Nc4 Bxc4 18. dxc4 Nf8 {[%cal Bd7f8,Bf8e6,Be6d4][%mdl 32]} 19. a5 b5 $1 20. Ra1 {[%cal Rc4b5]} Ne6 21. Rfe1 {[%cal Rc4b5]} Nd4 22. Bxd4 (22. Qd1 $142) 22... exd4 $17 23. Nb1 {[#]} f5 $1 {[%mdl 512]} 24. Qd3 (24. exf5 Rxe2) 24... fxe4 25. Rxe4 Rxe4 26. Qxe4 Qf7 (26... bxc4 $6 27. Nd2 $11) ({Better is} 26... Bf4 $1 $17 27. Qe6+ Qf7 28. Qxc6 Qe7) 27. Nd2 $1 $11 Qxf2 $40 {[%mdl 128] White needs to defend precisely.} 28. Rf1 (28. Nf3 $11 Qg3 29. b4) 28... Qg3 $1 $17 {[%csl Gd6][%cal Rg3h2]} ({But not} 28... Qxd2 $6 29. Qe6+ Kh8 30. Qxd6 $11) 29. Nf3 {[#]} Rf8 $1 ({Of course not} 29... bxc4 $6 30. Qxc6 Rf8 31. Kg1 $11) 30. Kg1 Qg6 $1 {[%cal Rg6e4]} 31. Qxg6 hxg6 {[%mdl 4096] Endgame KRB-KRN} 32. Re1 ({White should play} 32. cxb5 $1 $15 cxb5 33. Re1) 32... bxc4 33. Re6 Rf6 34. Re8+ Rf8 35. Re6 {[#]} Rd8 (35... Bf4 $142 $1 {...Rb8 is the strong threat.} 36. Rxc6 d3 37. cxd3 cxd3) 36. Kf2 d3 37. cxd3 (37. Ke1 $142) 37... cxd3 38. Ke3 (38. Ke1 $17 {was worth a try.}) 38... c4 $19 39. Rxg6 Bb4 {White must now prevent ...d2.} 40. Rxc6 d2 ({Not} 40... Bxa5 41. Nd2 $15) 41. Nxd2 Bxd2+ 42. Ke2 Bxa5 {Precision: White = 46%, Black = 77%.} 0-1

[Event "FIDE WCCC U12 2018"]
[Site "Santiago de Compostela"]
[Date "2018.11.12"]
[Round "8"]
[White "Samadov, Read"]
[Black "Nguyen, Quoc Hy"]
[Result "1/2-1/2"]
[WhiteElo "2029"]
[BlackElo "2117"]
[Annotator "TA"]
[PlyCount "86"]
[EventDate "2018.11.04"]
[EventType "swiss"]
[EventCountry "ESP"]
[SourceTitle "playchess.com"]
[Source "ChessBase"]
[SourceQuality "1"]

{[%evp 13,86,-17,-10,-43,-26,-31,-10,-21,-19,-23,-11,-20,-16,-25,-10,-13,-20,-7,46,16,104,0,0,0,120,113,100,102,120,121,131,129,100,108,118,43,49,0,0,-11,148,145,150,62,128,87,84,30,122,130,125,89,87,69,80,0,0,0,0,0,0,0,0,-2,-7,-16,-2,-5,-5,-5,-5,-4,0,0,0]} 1. d4 f5 2. c4 Nf6 3. Nc3 g6 4. h4 Bg7 5. h5 Nxh5 6. e4 Nf6 7. e5 {A85: Dutch Defence: 2 c4 Nf6 3 Nc3} Ne4 {LiveBook: 13 Games} 8. Bd3 $146 ({Predecessor:} 8. Nxe4 fxe4 9. Qg4 d5 10. e6 O-O 11. Qh4 h5 12. g4 Bxd4 13. Nh3 e3 14. gxh5 exf2+ {0-1 (33) Cori Tello,D (2414)-Ortiz Suarez,I (2592) Linares 2014}) 8... Nxc3 9. bxc3 {Black has an edge.} d6 10. f4 dxe5 11. fxe5 c5 $1 {[%cal Rc5d4]} 12. Nf3 Nc6 {[%cal Rc5d4]} 13. Bc2 cxd4 14. cxd4 Be6 15. Bb3 $1 Qc7 ({Black should try} 15... a5 $11 16. a4 Qb6) 16. Bb2 Qa5+ (16... Na5 $11) 17. Qd2 (17. Kf1 $16) 17... Qxd2+ $1 $11 18. Kxd2 O-O-O (18... Bd7 $11 {keeps the balance.}) 19. Ke2 $1 $16 {[%mdl 1024] White has strong compensation.} Bf7 20. d5 $1 {[%cal Rd5c6]} Nb4 21. Bd4 e6 {[%cal Re6d5]} 22. a3 $36 {[%mdl 2048] Black is under strong pressure.} ({And not} 22. Bxa7 exd5 23. Ng5 Bg8 $15) 22... Na6 {[%cal Re6d5,Bb4a6,Ba6b8,Bb8c6][%mdl 32]} 23. d6 Nb8 24. Ng5 (24. Ba4 $16) 24... Nc6 25. Bb2 Bg8 26. Nf3 Bf7 $2 {[#]} (26... Rxd6 $1 $11 27. exd6 Bxb2) 27. c5 $1 h6 28. Kd2 (28. Rab1 $16) 28... g5 ({Black should play} 28... Kb8 $14) 29. Rae1 Rhe8 30. Ba4 (30. Nd4 $16) 30... Rh8 {[#]} (30... Rf8 $11) 31. Bxc6 $1 bxc6 32. Nd4 Kd7 33. Nxf5 Rb8 34. Bc3 (34. Rb1 $16) 34... exf5 $11 {The position is equal.} 35. e6+ $1 Bxe6 36. Bxg7 Rh7 37. Bf6 Rb5 38. Re5 {aiming for Rhe1.} Bd5 $1 39. Bxg5 Rxc5 40. Rxh6 Rxh6 41. Bxh6 Kxd6 42. Rxf5 Rc2+ 43. Kxc2 Be4+ {Precision: White = 46%, Black = 53%.} 1/2-1/2

[Event "FIDE WCCC U12 2018"]
[Site "Santiago de Compostela"]
[Date "2018.11.12"]
[Round "8"]
[White "Tyurin, Artem"]
[Black "Klimkowski, Jan"]
[Result "1-0"]
[WhiteElo "2018"]
[BlackElo "1810"]
[Annotator "NA RC"]
[PlyCount "63"]
[EventDate "2018.11.04"]
[EventType "swiss"]
[EventCountry "ESP"]
[SourceTitle "playchess.com"]
[Source "ChessBase"]
[SourceQuality "1"]
[TimeControl "40/5400+30:1800+30"]

{[%evp 35,63,52,76,56,104,32767,114,27,101,67,171,170,230,213,272,279,307,244,238,283,380,426,523,494,718,745,830,738,869,775]} 1. e4 {[%emt 0:00:00]} c5 {[%emt 0:00:00]} 2. Nf3 {[%emt 0:00:00]} d6 {[%emt 0:00:00]} 3. d4 {[%emt 0:00:00]} cxd4 {[%emt 0:00:00]} 4. Nxd4 {[%emt 0:00:00]} Nf6 {[%emt 0:00:03]} 5. Nc3 {[%emt 0:00:00]} a6 {[%emt 0:00:04]} 6. Be3 {[%emt 0:00:00]} e5 {[%emt 0:00:48]} 7. Nb3 {[%emt 0:00:05]} Be6 {[%emt 0:01:22]} 8. f3 {[%emt 0:00:11]} Nbd7 {[%emt 0:00:11]} 9. Qd2 {[%emt 0:00:29]} h5 {[%emt 0:00:20]} 10. Nd5 {[%emt 0:01:06] B90: Sicilian Najdorf: Unusual White 6th moves, 6 Be3 Ng4 and 6 Be3 e5} Bxd5 {[%emt 0:00:28]} 11. exd5 {[%emt 0:00:02]} Be7 {[%emt 0:00:54]} (11... g6 12. Be2 Rc8 13. c4 Bg7 14. O-O O-O 15. Na5 Qc7 16. Rac1 e4 {1-0 (52) Duda,J (2737)-Karjakin,S (2773) chess.com INT 2018}) 12. Be2 {[%emt 0:01:41]} Rc8 {[%emt 0:03:33]} 13. Na5 {[%emt 0:05:02]} Qc7 {[%emt 0:06:39]} 14. c4 {[%emt 0:01:18]} O-O {[%emt 0:02:00]} 15. O-O {[%emt 0:01:18]} e4 {[%emt 0:09:46]} 16. f4 $146 {[%emt 0:04:13]} ({Predecessor:} 16. b4 h4 {1-0 (32) Staratorzhsky,V (2200)-Marchisotti,M (2275) ICCF email 2006}) 16... Ng4 {[%emt 0:05:01]} 17. Bxg4 {[%emt 0:02:14]} hxg4 {[%emt 0:01:11]} 18. b4 {[%emt 0:03:43]} f5 {[%emt 0:15:15]} 19. Rfc1 {[%emt 0:01:27]} Bf6 {[%emt 0:01:33]} 20. Rab1 {[%emt 0:00:45]} b6 {[%emt 0:12:36]} 21. Nb3 {[%emt 0:04:31]} (21. Nc6 $16) 21... Qd8 {[%emt 0:10:38]} (21... Rb8 $11 {hält das Gleichgewicht.}) 22. a4 {[%emt 0:01:51]} Re8 {[%emt 0:07:27]} (22... g5 $16) 23. a5 {[%emt 0:02:02]} bxa5 {[%emt 0:01:58]} 24. Nxa5 {[%emt 0:00:14]} Qe7 {[%emt 0:04:01] [#]} 25. c5 $1 {[%emt 0:05:22]} Qf7 {[%emt 0:06:08]} 26. Nb7 {[%emt 0:02:31]} ({Not} 26. cxd6 Nb8 $16) 26... Be7 {[%emt 0:01:08]} 27. cxd6 {[%emt 0:03:27]} Bf6 {[%emt 0:00:52]} (27... Rb8 $142 28. dxe7 Rxb7) 28. Rc7 {[%emt 0:00:31]} g5 {[%emt 0:02:41]} 29. Rbc1 {[%emt 0:03:46]} Ra8 {[%emt 0:01:13]} (29... gxf4 $142 30. Bxf4 Ra8) 30. fxg5 {[%emt 0:01:10]} Be5 {[%emt 0:00:12]} 31. g3 {[%emt 0:01:17]} Rab8 {[%emt 0:01:27] [#]} 32. g6 $18 {[%emt 0:01:09]} 1-0

[Event "FIDE WCCC U12 2018"]
[Site "Santiago de Compostela"]
[Date "2018.11.12"]
[Round "8"]
[White "Paduano, Claudio"]
[Black "Windram, James"]
[Result "1-0"]
[WhiteElo "2017"]
[BlackElo "1704"]
[Annotator "NA RC"]
[PlyCount "81"]
[EventDate "2018.11.04"]
[EventType "swiss"]
[EventCountry "ESP"]
[SourceTitle "playchess.com"]
[Source "ChessBase"]
[SourceQuality "1"]
[TimeControl "40/5400+30:1800+30"]

1. d4 Nf6 2. c4 c5 3. d5 e6 4. Nc3 exd5 5. cxd5 d6 6. e4 g6 7. Nf3 Bg7 8. Bd3 a6 9. a4 Bg4 10. Bf4 Nh5 11. Be3 Nd7 12. Be2 $1 O-O 13. O-O Bxf3 14. Bxf3 Nhf6 15. Bf4 Qe7 16. h3 {A61: Modern Benoni: Nf3 without early e4} Ne5 17. Be2 Ne8 18. Bh2 $146 ({Predecessor:} 18. Re1 g5 19. Bg3 Ng6 20. Qb3 Be5 21. Bxe5 Nxe5 22. Nd1 Ng7 23. Ne3 f5 24. exf5 Nxf5 25. Nxf5 Rxf5 {½-½ (50) Tsiganova,M (2239)-Prudnikova,S (2419) Warsaw 2001}) 18... f5 19. f4 Nd7 20. exf5 Rxf5 (20... gxf5 $11 {keeps the balance.} 21. Re1 Qe3+ 22. Kh1 Bxc3 23. bxc3 Qxc3) 21. Bg4 Qe3+ (21... Rf8 $16) 22. Kh1 Rf7 $2 (22... Bxc3 23. Bxf5 (23. bxc3 Ng7 $18) 23... gxf5) 23. Bg1 Qe7 24. Be6 Nc7 25. Bxf7+ Qxf7 26. Qd3 Nb6 27. Rad1 Bxc3 28. bxc3 Nxa4 29. Qc2 b5 30. f5 Qg7 31. fxg6 hxg6 32. Rf3 Nb6 (32... Rf8 $142) 33. Rg3 Kh7 34. Qe4 $18 Re8 35. Qh4+ Qh6 36. Qf6 Qg7 37. Qxd6 Nc4 38. Qxc5 Qe5 39. Rg4 Nb2 40. Rh4+ Kg7 41. Bd4 1-0

[Event "FIDE WCCC U12 2018"]
[Site "Santiago de Compostela"]
[Date "2018.11.12"]
[Round "8"]
[White "Park, Evan"]
[Black "Creanga, Robert-Ionut"]
[Result "0-1"]
[WhiteElo "1997"]
[BlackElo "2066"]
[Annotator "NA RC"]
[PlyCount "90"]
[EventDate "2018.11.04"]
[EventType "swiss"]
[EventCountry "ESP"]
[SourceTitle "playchess.com"]
[Source "ChessBase"]
[SourceQuality "1"]
[TimeControl "40/5400+30:1800+30"]

{[%evp 28,90,34,12,7,16,21,0,0,0,27,16,15,0,-1,-8,11,9,25,20,28,18,19,0,5,2,0,0,0,0,0,32767,32767,32767,32767,32767,32767,-7,32767,0,0,0,0,0,0,-22,32767,-66,-49,-43,32767,32767,32767,32767,32767,-125,32767,32767,0,0,0,0,0,0,-18]} 1. e4 {[%emt 0:00:00]} c5 {[%emt 0:00:00]} 2. Nf3 {[%emt 0:00:00]} Nc6 {[%emt 0:00:00]} 3. Bb5 {[%emt 0:00:00]} g6 {[%emt 0:00:00]} 4. O-O {[%emt 0:00:00]} Bg7 {[%emt 0:00:13]} 5. Re1 {[%emt 0:00:03]} Nf6 {[%emt 0:01:05]} 6. e5 {[%emt 0:00:21]} Nd5 {[%emt 0:00:15]} 7. Nc3 {[%emt 0:00:05]} Nc7 {[%emt 0:16:31]} 8. Bxc6 {[%emt 0:00:13]} dxc6 {[%emt 0:00:17]} 9. Ne4 {[%emt 0:02:09]} Ne6 {[%emt 0:06:48]} 10. d3 {[%emt 0:01:31]} O-O {[%emt 0:02:34]} 11. Be3 {[%emt 0:00:06]} b6 {[%emt 0:10:32]} 12. Qd2 {[%emt 0:02:21]} Nd4 {[%emt 0:04:48]} 13. Nxd4 {[%emt 0:01:26]} cxd4 {[%emt 0:00:02]} 14. Bh6 {[%emt 0:00:08]} Qd5 {[%emt 0:10:18] B31: Sicilian: 2...Nc6 3 Bb5 g6} (14... c5 15. h4 Qd5 16. Bxg7 Kxg7 17. Ng3 Bb7 18. f3 Qe6 19. b3 {½-½ (19) Bacrot,E (2714)-Moiseenko,A (2699) Tromsoe 2013}) 15. Bxg7 {[%emt 0:06:39]} Kxg7 {[%emt 0:01:30]} 16. Qg5 {[%emt 0:04:50] LiveBook: 6 Games} Qd8 {[%emt 0:03:31]} 17. h4 {[%emt 0:07:15]} Be6 $146 {[%emt 0:13:53]} ({Predecessor:} 17... h5 18. a4 a5 19. Re2 Be6 20. f3 Rh8 21. Qf4 c5 22. b3 {½-½ (31) Pulkkinen,K (2319)-Holmsten,A (2410) Finland 2002}) 18. h5 {[%emt 0:05:48]} Rc8 {[%emt 0:04:39]} (18... h6 $5 {[%cal Rh6g5]} 19. Qg3 Rc8 $11) 19. Qh4 {[%emt 0:04:26]} h6 {[%emt 0:06:23]} 20. a4 {[%emt 0:08:55]} c5 {[%emt 0:05:09]} 21. b3 {[%emt 0:03:13]} Qd7 {[%emt 0:01:48]} 22. f4 {[%emt 0:04:58]} a6 {[%emt 0:02:00]} 23. Rf1 {[%emt 0:05:00]} Bg4 {[%emt 0:01:38]} 24. hxg6 {[%emt 0:01:53]} fxg6 {[%emt 0:00:13]} 25. Qg3 {[%emt 0:02:52]} Bf5 {[%emt 0:01:12]} 26. Qf3 {[%emt 0:02:04]} Bg4 {[%emt 0:00:26]} 27. Qf2 {[%emt 0:01:44]} a5 {[%emt 0:01:52]} 28. Rae1 {[%emt 0:02:43]} Rf7 {[%emt 0:00:32]} 29. Qd2 {[%emt 0:01:34]} Rcf8 {[%emt 0:00:32]} 30. Ng3 {[%emt 0:01:33]} Be6 {[%emt 0:01:10]} 31. Rf2 {[%emt 0:02:03]} Qd5 {[%emt 0:01:14]} 32. Ref1 {[%emt 0:01:55]} Bg4 {[%emt 0:00:30]} 33. Ne4 {[%emt 0:01:24]} Qd7 {[%emt 0:00:38]} 34. Ng3 {[%emt 0:05:17]} Be6 {[%emt 0:00:56]} 35. Ne4 {[%emt 0:04:37]} Bg4 {[%emt 0:00:08]} 36. g3 {[%emt 0:02:28]} Rf5 {[%emt 0:01:48]} 37. Re1 {[%emt 0:01:45]} (37. Rh2 $11) 37... Rh5 {[%emt 0:00:53]} 38. Rh2 {[%emt 0:00:56]} Qf5 {[%emt 0:00:46]} 39. Rxh5 {[%emt 0:01:37]} Qxh5 {[%emt 0:00:24]} 40. Qh2 {[%emt 0:00:00]} Qf5 {[%emt 0:00:00]} 41. Qh4 {[%emt 0:04:28]} (41. Rf1 $11 {keeps the balance.}) 41... Qd7 {[%emt 0:10:28]} 42. Kg2 {[%emt 0:03:27]} Bf5 {[%emt 0:09:03]} 43. Nf2 {[%emt 0:04:01]} Be6 {[%emt 0:01:08]} 44. Rh1 {[%emt 0:03:48]} h5 45. Ne4 $11 Bd5 0-1

[Event "FIDE WCCC U12 2018"]
[Site "Santiago de Compostela"]
[Date "2018.11.12"]
[Round "8"]
[White "Hommer, Jeremy"]
[Black "Sethuraman, Sandeep"]
[Result "1/2-1/2"]
[WhiteElo "1987"]
[BlackElo "1837"]
[Annotator "NA RC"]
[PlyCount "116"]
[EventDate "2018.11.04"]
[EventType "swiss"]
[EventCountry "ESP"]
[SourceTitle "playchess.com"]
[Source "ChessBase"]
[SourceQuality "1"]
[TimeControl "40/5400+30:1800+30"]

1. e4 {[%emt 0:00:00]} e5 {[%emt 0:00:00]} 2. Nf3 {[%emt 0:00:00]} Nc6 {[%emt 0:00:00]} 3. Bc4 {[%emt 0:00:00]} Bc5 {[%emt 0:00:00]} 4. d3 {[%emt 0:00:02]} Nf6 {[%emt 0:00:00]} 5. Nbd2 {[%emt 0:00:18]} d6 {[%emt 0:00:05]} 6. c3 {[%emt 0:00:25]} O-O {[%emt 0:00:20]} 7. O-O {[%emt 0:00:18]} h6 {[%emt 0:00:59]} 8. h3 {[%emt 0:00:53]} a6 {[%emt 0:00:21]} 9. Bb3 {[%emt 0:00:16]} Be6 {[%emt 0:00:13]} 10. Bc2 {[%emt 0:00:27]} d5 {[%emt 0:00:57]} 11. exd5 {[%emt 0:02:44] C54: Giuoco Piano: 4 c3 Nf6, main lines with 5 d4 and 5 d3} Bxd5 {[%emt 0:02:50]} 12. Re1 {[%emt 0:00:36]} Re8 {[%emt 0:07:36]} 13. Nf1 {[%emt 0:00:28]} (13. b4 Bf8 14. Bb2 Qd7 15. Nf1 Rad8 16. Ng3 g6 17. a4 b5 18. Nd2 {1-0 (53) Hou,Y (2663)-Fressinet,L (2687) Almaty 2016}) 13... e4 {[%emt 0:03:57]} 14. dxe4 Bxe4 {[%emt 0:01:11]} 15. Bxe4 {[%emt 0:14:13]} Qxd1 {[%emt 0:02:02]} 16. Rxd1 {[%emt 0:01:06]} Nxe4 {[%emt 0:00:16]} 17. Be3 $146 {[%emt 0:00:49]} Rad8 {[%emt 0:01:45]} 18. Rdc1 {[%emt 0:15:34]} Ne5 {[%emt 0:08:50]} 19. Nxe5 {[%emt 0:06:27]} Rxe5 {[%emt 0:00:42]} 20. Rc2 {[%emt 0:01:25]} Red5 {[%emt 0:09:02]} 21. Bxc5 {[%emt 0:09:00]} Nxc5 {[%emt 0:01:37]} 22. b4 {[%emt 0:00:53]} Ne6 {[%emt 0:02:12]} 23. g3 {[%emt 0:00:50]} Rd3 {[%emt 0:03:33]} 24. Kg2 {[%emt 0:01:04]} g6 {[%emt 0:04:04]} 25. h4 {[%emt 0:07:36]} h5 {[%emt 0:01:31]} 26. a4 {[%emt 0:01:21]} c6 {[%emt 0:10:48]} 27. Ne3 {[%emt 0:03:29]} Rd2 {[%emt 0:01:50]} 28. Raa2 {[%emt 0:01:42]} Rxc2 {[%emt 0:01:02]} 29. Rxc2 {[%emt 0:00:06]} b5 {[%emt 0:01:54]} 30. a5 {[%emt 0:00:52]} c5 {[%emt 0:01:05]} 31. Kf1 {[%emt 0:02:14]} Kf8 {[%emt 0:02:02]} 32. Ke1 {[%emt 0:00:13]} Ke7 {[%emt 0:01:35]} 33. Rb2 {[%emt 0:14:04]} cxb4 {[%emt 0:03:55]} 34. Rxb4 {[%emt 0:01:09]} Nc5 {[%emt 0:01:54]} 35. Ke2 {[%emt 0:01:20]} Nb7 {[%emt 0:05:52]} 36. c4 {[%emt 0:03:57]} Nxa5 {[%emt 0:01:18]} 37. cxb5 {[%emt 0:00:15]} axb5 {[%emt 0:00:17]} 38. Rxb5 {[%emt 0:00:25]} Nc6 {[%emt 0:00:17]} 39. Rb7+ {[%emt 0:01:14]} Kf8 {[%emt 0:02:03]} 40. Nc4 {[%emt 0:00:00]} Re8+ {[%emt 0:00:00]} 41. Kf3 {[%emt 0:08:11]} Ne5+ {[%emt 0:04:37]} 42. Nxe5 {[%emt 0:00:14]} Rxe5 {[%emt 0:00:06]} 43. Kf4 {[%emt 0:00:47]} Rf5+ {[%emt 0:00:27]} 44. Ke3 {[%emt 0:00:20]} Re5+ {[%emt 0:00:21]} 45. Kf4 {[%emt 0:01:03]} Rf5+ {[%emt 0:00:08]} 46. Ke3 {[%emt 0:00:04]} Re5+ {[%emt 0:00:04]} 47. Kf3 {[%emt 0:00:17]} Kg7 {[%emt 0:01:02]} 48. Kg2 {[%emt 0:00:56]} Re2 {[%emt 0:00:44]} 49. Kf3 {[%emt 0:00:22]} Ra2 {[%emt 0:00:40]} 50. Rb4 $11 {[%emt 0:01:32]} Rc2 {[%emt 0:00:58]} 51. Ke3 {[%emt 0:01:17]} Rc3+ {[%emt 0:00:39]} 52. Kf4 {[%emt 0:00:20]} Rc6 {[%emt 0:00:36]} 53. f3 {[%emt 0:01:03]} Rf6+ {[%emt 0:00:22]} 54. Ke3 {[%emt 0:01:22]} Re6+ {[%emt 0:00:13]} 55. Kf2 {[%emt 0:00:10]} Ra6 {[%emt 0:00:36]} 56. g4 {[%emt 0:00:25]} hxg4 {[%emt 0:00:20]} 57. fxg4 {[%emt 0:00:07]} Ra2+ {[%emt 0:00:05]} 58. Kg3 {[%emt 0:00:21]} Ra3+ {[%emt 0:00:06]} 1/2-1/2